[Event "SRI-ch U14"]
[Site "Nugegoda"]
[Date "2021.03.12"]
[Round "7"]
[White "Ashad, Nevan Mishal Mohome"]
[Black "Laksiri, AA Kavishka Gimshan"]
[Result "0-1"]
[WhiteElo "1272"]
[BlackElo "1331"]
[PlyCount "132"]
[EventDate "2021.03.09"]
[EventType "tourn"]
[EventRounds "11"]
[EventCountry "SRI"]
[SourceTitle "CBM 201 Extra"]
[Source "ChessBase"]
[SourceDate "2021.05.31"]
[SourceVersion "1"]
[SourceVersionDate "2021.05.31"]
[SourceQuality "1"]

1. e4 e5 2. Nf3 Nc6 3. Nc3 Nf6 4. Bb5 Bd6 5. d3 Ne7 6. Bg5 Ng6 7. h3 h6 8. Be3 a6 9. Bc4 b5 10. Bb3 Bb7 11. Qd2 Bb4 12. a3 Ba5 13. Qe2 0-0 14. 0-0 Re8 15. Rfe1 c6 16. Bd2 d5 17. Nb1 dxe4 18. dxe4 c5 19. Bxa5 Qxa5 20. Nbd2 c4 21. Ba2 Red8 22. Rad1 c3 23. Nb3 Qc7 24. bxc3 Nxe4 25. Qe3 Rxd1 26. Rxd1 Nxc3 27. Ra1 Rc8 28. Nbd2 Nxa2 29. Rxa2 Qc5 30. Qe2 Bd5 31. Nb3 Qc4 32. Qe3 Qc3 33. Qxc3 Rxc3 34. Rb2 f6 35. Nfd2 Nf4 36. f3 Kf7 37. Nb1 Re3 38. c4 Bxc4 39. N3d2 Re1+ 40. Kh2 Re2 41. Nxc4 bxc4 42. Rxe2 Nxe2 43. a4 c3 44. Na3 Nd4 45. Kg3 c2 46. Nxc2 Nxc2 47. Kf2 Ke6 48. Ke2 Kd5 49. Kd2 Nd4 50. Kc3 Kc5 51. h4 h5 52. g3 Nxf3 53. Kd3 f5 54. Ke3 Nh2 55. Kf2 Kb4 56. Kg2 Ng4 57. Kf3 Kxa4 58. Ke2 Kb3 59. Kd3 a5 60. Kd2 Kb2 61. Ke2 a4 62. Kf3 a3 63. Kg2 a2 64. Kf3 a1Q 65. Kg2 Qe1 66. Kf3 Qf2# 0-1